Every NCAA Division I School in Alabama - Statistics

General Stats
  • This quiz has been taken 50 times
    48 since last reset
  • The average score is 8 of 10
Answer Stats
Answer Conference % Correct
Alabama SEC
100%
Alabama St. SWAC
93%
Auburn SEC
93%
South Alabama Sun Belt
87%
UAB American
83%
Troy Sun Belt
73%
Alabama A&M SWAC
70%
North Alabama ASUN
70%
Jacksonville State C-USA
53%
Samford SoCon
27%
No matching quizzes found
Score Distribution
Percent of People with Each Score
Percentile by Number Answered
Your Score History
You have not taken this quiz since the last reset